000 00367 a2200133 4500
001 ART_58493
005 20260410162050.0
008 260409a
245 1 0 _aActualidad Tributaria
100 1 _aDalmasio, Adalberto Raúl
700 1 _aBaldo, Alberto
700 1 _aFontán, Oscar Alonso
773 0 _tImpuestos
_g- N° 146 (abr. 2023)
_wREV45175
999 _c35748
_d35748